R book / (Record no. 196078)

MARC details
000 -LEADER
fixed length control field 00543nam a2200193Ia 4500
005 - DATE AND TIME OF LATEST TRANSACTION
control field 20230117105051.0
008 - FIXED-LENGTH DATA ELEMENTS--GENERAL INFORMATION
fixed length control field 210716s2017 xx 000 0 und d
020 ## - INTERNATIONAL STANDARD BOOK NUMBER
International Standard Book Number 9788126569717
040 ## - CATALOGING SOURCE
Transcribing agency AIMIT LIBRARY
041 ## - LANGUAGE CODE
Language code of text/sound track or separate title eng
082 ## - DEWEY DECIMAL CLASSIFICATION NUMBER
Classification number 005.132
Edition number 2
Item number CRAM
100 ## - MAIN ENTRY--PERSONAL NAME
Personal name Crawley, Michael J.
9 (RLIN) 69198
245 ## - TITLE STATEMENT
Title R book /
Statement of responsibility, etc. By Michael J. Crawley.
250 ## - EDITION STATEMENT
Edition statement 2nd ed.
260 ## - PUBLICATION, DISTRIBUTION, ETC.
Place of publication, distribution, etc. New Delhi :
Name of publisher, distributor, etc. Wiley India Pvt Ltd ,
Date of publication, distribution, etc. 2017.
300 ## - PHYSICAL DESCRIPTION
Extent xxiv,1051p. ;
Other physical details PB
Dimensions 23.7 cm
650 ## - SUBJECT ADDED ENTRY--TOPICAL TERM
Topical term or geographic name entry element R Book
9 (RLIN) 69199
942 ## - ADDED ENTRY ELEMENTS (KOHA)
Source of classification or shelving scheme Dewey Decimal Classification
Koha item type Book
Edition 2nd
Call number suffix 005.132 CRAM
Holdings
Withdrawn status Lost status Source of classification or shelving scheme Damaged status Not for loan Collection code Home library Current library Date acquired Source of acquisition Inventory number Total Checkouts Full call number Barcode Date last seen Price effective from Koha item type
    Dewey Decimal Classification     MCA St Aloysius Institute of Management & Information Technology St Aloysius Institute of Management & Information Technology 01/17/2023 Knowledge World Bill no:501; Bill dt:2018-03-05   005.132 CRAM MCA15592 07/21/2025 07/16/2021 Book
    Dewey Decimal Classification     MCA St Aloysius Institute of Management & Information Technology St Aloysius Institute of Management & Information Technology 01/17/2023 Knowledge World Bill no:501; Bill dt:2018-03-05   005.132 CRAM MCA15593 07/21/2025 07/16/2021 Book
    Dewey Decimal Classification     MCA St Aloysius Institute of Management & Information Technology St Aloysius Institute of Management & Information Technology 01/17/2023 Knowledge World Bill no:501; Bill dt:2018-03-05   005.132 CRAM MCA15594 07/21/2025 07/16/2021 Book
    Dewey Decimal Classification     MCA St Aloysius Institute of Management & Information Technology St Aloysius Institute of Management & Information Technology 01/17/2023 Knowledge World Bill no:501; Bill dt:2018-03-05   005.132 CRAM MCA15595 07/21/2025 07/16/2021 Book
    Dewey Decimal Classification     MCA St Aloysius Institute of Management & Information Technology St Aloysius Institute of Management & Information Technology 01/17/2023 Knowledge World Bill no:501; Bill dt:2018-03-05   005.132 CRAM MCA15596 07/21/2025 07/16/2021 Book